Rendimiento de cuatro variedades del cultivo de cebolla (Allium cepa L) en la comunidad Paichal, del municipio de San Pedro Jocopilas del Departameto de Quiché.-/ (Registro nro. 467)
[ vista simple ]
| 000 -LEADER | |
|---|---|
| campo de control de longitud fija | 00682nam a22001697a 4500 |
| 003 - IDENTIFICADOR DE NÚMERO DE CONTROL | |
| campo de control | OSt |
| 005 - FECHA Y HORA DE LA ÚLTIMA TRANSACCIÓN | |
| campo de control | 20220512210459.0 |
| 008 - DATOS DE LONGITUD FIJA--INFORMACIÓN GENERAL | |
| campo de control de longitud fija | 220512b |||||||| |||| 00| 0 sp d |
| 040 ## - FUENTE DE CATALOGACIÓN | |
| Centro/agencia transcriptor | CUSACQ |
| 050 ## - SIGNATURA TOPOGRÁFICA DE LA BIBLIOTECA DEL CONGRESO | |
| Número de clasificación | 04 T (04) 2019 |
| 100 ## - ENTRADA PRINCIPAL--NOMBRE DE PERSONA | |
| Nombre de persona | Baten Girón, Fredy Orlando.- |
| 9 (RLIN) | 1366 |
| 245 ## - MENCIÓN DEL TÍTULO | |
| Título | Rendimiento de cuatro variedades del cultivo de cebolla (Allium cepa L) en la comunidad Paichal, del municipio de San Pedro Jocopilas del Departameto de Quiché.-/ |
| Mención de responsabilidad, etc. | Fredy Orlando, Baten Girón.- |
| 260 ## - PUBLICACIÓN, DISTRIBUCIÓN, ETC. | |
| Lugar de publicación, distribución, etc. | Guatemala: |
| Nombre del editor, distribuidor, etc. | USAC- CUSACQ |
| Fecha de publicación, distribución, etc. | C2019. |
| 300 ## - DESCRIPCIÓN FÍSICA | |
| Extensión | 177 p.; |
| Otras características físicas | il.; |
| Dimensiones | 36 cm. |
| 856 ## - LOCALIZACIÓN Y ACCESO ELECTRÓNICOS | |
| Identificador Uniforme de Recursos | <a href="https://drive.google.com/file/d/1Cok2IxZr11mG2AbYyvhTCStRl_KuCN7Y/view?usp=sharing">https://drive.google.com/file/d/1Cok2IxZr11mG2AbYyvhTCStRl_KuCN7Y/view?usp=sharing</a> |
| 942 ## - ELEMENTOS DE ENTRADA SECUNDARIOS (KOHA) | |
| Fuente del sistema de clasificación o colocación | Clasificación Decimal Dewey |
| Tipo de ítem Koha | TESIS |
| Suprimir en OPAC | No |
| Estatus retirado | Estado de pérdida | Fuente del sistema de clasificación o colocación | Estado de daño | No para préstamo | Código de colección | Biblioteca de origen | Biblioteca actual | Ubicación en estantería | Fecha de adquisición | Número de inventario | Total de préstamos | Código de barras | Visto por última vez | Precio de reemplazo | Tipo de ítem Koha |
|---|---|---|---|---|---|---|---|---|---|---|---|---|---|---|---|
| Clasificación Decimal Dewey | No ficción | Biblioteca del Centro Universitario de Quiché | Biblioteca del Centro Universitario de Quiché | Exhibido | 12/05/2022 | 04 T(04) 2019 | 501020 | 12/05/2022 | 12/05/2022 | TESIS |

